书目信息 |
| 题名: |
博采英语:阅读1
|
|
| 作者: | 古乐弗 著 | |
| 分册: | 第一册 | |
| 出版信息: | 北京 清华大学出版社 2001.04 |
|
| 页数: | 198页 | |
| 开本: | 23cm | |
| 丛书名: | ||
| 单 册: | ||
| 中图分类: | H319.4 | |
| 科图分类: | ||
| 主题词: | 英语 | |
| 电子资源: | ||
| ISBN: | 7-302-04344-2 | |
| 000 | 00548nam0 2200193 45 | |
| 001 | 0429324360 | |
| 005 | 2004043008084433 | |
| 010 | @a7-302-04344-2@dCNY 23.00 | |
| 100 | @a20040430d2001 km y0chiy0120 ea | |
| 101 | 0 | @achi |
| 102 | @aCN@b110000 | |
| 200 | 1 | @a博采英语:阅读1@ABo Cai Ying Yu:Yue Du 1@f(美)古乐弗等著@F(Mei)Gu Yue Fu Deng Zhu@h第一册 |
| 210 | @a北京@c清华大学出版社@d2001.04 | |
| 215 | @a198页@d23cm | |
| 606 | 0 | @a英语 |
| 690 | @aH319.4@v3 | |
| 701 | 0 | @a古乐弗@AGu Yue Fu@4著 |
| 801 | 0 | @aCN@bPFT@c20040430 |
| 905 | @dH319.4@eG455:1 | |
| 博采英语:阅读1/(美)古乐弗等著.第一册.-北京:清华大学出版社,2001.04 |
| 198页;23cm |
| ISBN 7-302-04344-2:CNY 23.00 |
| ● |
| 相关链接 |
|
|
|
正题名:博采英语:阅读1
索取号:H319.4/G455:1
 
预约/预借
| 序号 | 登录号 | 条形码 | 馆藏地/架位号 | 状态 | 备注 |
| 1 | 381196 | 203811964 | 语言库209/209语言库 15排2列5层/ [索取号:H319.4/G455:1] | 在馆 | |
| 2 | 381197 | 203811973 | 语言库209/209语言库 15排2列5层/ [索取号:H319.4/G455:1] | 在馆 | |
| 3 | 381198 | 203811982 | 语言库209/209语言库 15排2列5层/ [索取号:H319.4/G455:1] | 在馆 |